000 00904cam a2200289Ia 4500
001 27958503
003 OCoLC
005 20220712162802.0
008 930421s1992 ve a e 000 1 spa d
020 _a9802571172
020 _a9789802571178
040 _aJRK
_cJRK
_dIAO
_dPL#
_dCLE
041 1 _aspa
_heng
092 _aE Spanish
_bVelthuijs
100 1 _aVelthuijs, Max,
_d1923-2005.
240 1 0 _aFrog in winter.
_lSpanish.
245 1 0 _aSapo en invierno /
_cMax Velthuijs ; [traduccion, Carmen Diana Dearden]
260 _aCaracas :
_bEdiciones Ekare,
_c1992.
300 _a1 v. (unpaged) :
_bcol. ill. ;
_c24 cm.
500 _aTranslation of: Frog in winter.
650 0 _aFrogs
_vJuvenile fiction.
650 0 _aWinter
_vJuvenile fiction.
650 0 _aPicture books.
655 7 _aSpanish language materials.
_2lcgft.
655 7 _aPicture books for children.
_2lcgft.
942 _cBK
_2ddc
999 _c27237
_d27237